000 00525nam a2200145 i 4500
001 59500
003 ES-MaACL
007 t|
008 031029s1983 sp ||||1| spa d
245 0 3 _aLa enseñanza superior en Castilla y León
_b: (1940-1980) /
_cAgustín Escolano Benito ... [et al.].
260 _aSalamanca :
_bUniversidad de Salamanca. Instituto de Ciencias de la Educación,
_c1983.
300 _a219 p., 1 map. pleg. ;
_c2 cm.
700 1 _aEscolano Benito, Agustín.
_947597
852 _aES-MaACL
_jL-4462
_bR.105276
999 _c59500
_d59500